| 000 | 00320pam a2200133 a 4500 | ||
|---|---|---|---|
| 020 | _c | ||
| 041 | _h | ||
| 082 |
_a743.6 _bPAL |
||
| 100 | _aDandi Palmer . | ||
| 245 |
_aHow to Draw Dinosaaurs in simple Steps _hTextual Documents |
||
| 260 |
_a[s.l]: _bSearch Press, _c2014. |
||
| 300 |
_a32.: _bpaper. |
||
| 930 | _a7963 | ||
| 999 |
_c241753 _d241753 |
||